[Event "TUR Cup"]
[Site "Denizli"]
[Date "2023.07.19"]
[Round "5"]
[White "Altinsoy, Mehmet Nuri"]
[Black "Bayram, Ufuk"]
[Result "0-1"]
[WhiteElo "1851"]
[BlackElo "1421"]
[PlyCount "62"]
[EventDate "2023.07.16"]
[EventType "team-tourn"]
[EventRounds "9"]
[EventCountry "TUR"]
[SourceTitle "CBM 215 Extra"]
[Source "ChessBase"]
[SourceDate "2023.09.30"]
[SourceVersion "1"]
[SourceVersionDate "2023.09.30"]
[SourceQuality "1"]

1. Nf3 Nf6 2. b3 d5 3. Bb2 Bf5 4. e3 e6 5. c4 Be7 6. Be2 h6 7. 0-0 0-0 8. Nc3 Nbd7 9. d4 c6 10. h3 a5 11. Bd3 Bxd3 12. Qxd3 Re8 13. e4 dxe4 14. Nxe4 Nxe4 15. Qxe4 Nf6 16. Qe3 a4 17. Bc3 Qb6 18. b4 Rad8 19. Ne5 Qc7 20. c5 Nd5 21. Qd2 Bf6 22. Nf3 Rd7 23. Rad1 Red8 24. Rfe1 Ne7 25. b5 Ra8 26. bxc6 Nxc6 27. Qc2 Qd8 28. Qe4 Rd5 29. Rb1 Ra7 30. Rb6 Nxd4 31. Bxd4 Bxd4 0-1

[Event "TUR-ch op"]
[Site "Antalya"]
[Date "2008.02.04"]
[Round "2.30"]
[White "Arslan, Erdal"]
[Black "Altinsoy, Mehmet Nuri"]
[Result "1-0"]
[WhiteElo "1934"]
[BlackElo "2085"]
[PlyCount "59"]
[EventDate "2008.02.04"]
[EventType "swiss"]
[EventRounds "11"]
[EventCountry "TUR"]
[SourceTitle "CBM 122 Extra"]
[Source "ChessBase"]
[SourceDate "2008.03.04"]
[SourceVersion "1"]
[SourceVersionDate "2008.03.04"]
[SourceQuality "1"]

1. d4 d5 2. c4 c6 3. Nc3 Nf6 4. Nf3 a6 5. e3 Bf5 6. Qb3 Ra7 7. a4 e6 8. Be2 Nbd7 9. Bd2 Bd6 10. Nh4 Bg6 11. Nxg6 hxg6 12. f4 a5 13. cxd5 exd5 14. 0-0-0 Bb4 15. Bf3 Qe7 16. Rde1 Bxc3 17. Bxc3 Ne4 18. Kb1 0-0 19. Qc2 b5 20. Bxe4 dxe4 21. h4 Nf6 22. g4 Nxg4 23. h5 g5 24. fxg5 Qxg5 25. h6 Nxh6 26. Qh2 f5 27. Reg1 Ng4 28. Qh7+ Kf7 29. Rh5 Nf6 30. Rhxg5 1-0

[Event "Izmir GP op"]
[Site "Izmir"]
[Date "2002.09.03"]
[Round "7"]
[White "Altinsoy, Mehmet Nuri"]
[Black "Gasimov, Rahim"]
[Result "0-1"]
[WhiteElo "2109"]
[BlackElo "2370"]
[PlyCount "146"]
[EventDate "2002.08.28"]
[EventType "swiss"]
[EventRounds "9"]
[EventCountry "TUR"]
[SourceTitle "CBM 090 Extra"]
[Source "ChessBase"]
[SourceDate "2002.11.07"]
[SourceVersion "1"]
[SourceVersionDate "2002.11.07"]
[SourceQuality "1"]

1. e4 c5 2. Nf3 e6 3. d4 cxd4 4. Nxd4 a6 5. Bd3 Nf6 6. 0-0 d6 7. Nc3 Nbd7 8. Be3 b5 9. a4 bxa4 10. Nxa4 Bb7 11. f3 d5 12. exd5 Nxd5 13. Bf2 Bd6 14. Be4 N7f6 15. Bxd5 Bxd5 16. Ne2 Qc7 17. h3 Rb8 18. b3 0-0 19. c4 Bc6 20. Qc2 Nd7 21. Nd4 Bxa4 22. Rxa4 Nc5 23. Ra2 Rfd8 24. Rb1 Bh2+ 25. Kh1 Be5 26. b4 Bxd4 27. Bxd4 Rxd4 28. bxc5 Rbd8 29. Rxa6 Qxc5 30. Rab6 g6 31. Rb8 Rxb8 32. Rxb8+ Kg7 33. Rb5 Qxc4 34. Qxc4 Rxc4 35. Kh2 Rc2 36. Kg3 Kf6 37. h4 Rc1 38. Ra5 Rc6 39. Ra4 h6 40. Rb4 Rc5 41. Ra4 Rd5 42. Rb4 Rd6 43. Rf4+ Ke7 44. Ra4 e5 45. Ra8 h5 46. Ra4 Ke6 47. Ra5 Kf5 48. Ra7 f6 49. Ra5 Rd3 50. Ra4 Rd2 51. Rb4 g5 52. hxg5 Kxg5 53. Rb8 h4+ 54. Kh3 f5 55. Rg8+ Kf4 56. Rh8 e4 57. fxe4 fxe4 58. Rxh4+ Ke3 59. Rh8 Rd3 60. Kh4 Kf2 61. g4 e3 62. Rf8+ Kg2 63. Re8 Kf3 64. Rf8+ Kg2 65. Re8 Kf2 66. Rf8+ Ke1 67. g5 e2 68. Re8 Kd2 69. Rxe2+ Kxe2 70. Kh5 Kf3 71. g6 Kf4 72. g7 Kf5 73. Kh4 Ke5 0-1

[Event "Izmir GP op"]
[Site "Izmir"]
[Date "2002.08.31"]
[Round "4"]
[White "Bayram, Yakup"]
[Black "Altinsoy, Mehmet Nuri"]
[Result "1-0"]
[WhiteElo "2281"]
[BlackElo "2109"]
[PlyCount "105"]
[EventDate "2002.08.28"]
[EventType "swiss"]
[EventRounds "9"]
[EventCountry "TUR"]
[SourceTitle "CBM 090 Extra"]
[Source "ChessBase"]
[SourceDate "2002.11.07"]
[SourceVersion "1"]
[SourceVersionDate "2002.11.07"]
[SourceQuality "1"]

1. d4 d5 2. c4 c6 3. Nc3 Nf6 4. Nf3 a6 5. cxd5 cxd5 6. g3 Nc6 7. Bg2 Bg4 8. Ne5 Bc8 9. 0-0 e6 10. Nxc6 bxc6 11. Bf4 Bd6 12. Rc1 Bxf4 13. gxf4 Qd6 14. e3 Rb8 15. Na4 0-0 16. Qd2 Kh8 17. Rc2 Rg8 18. Kh1 Bd7 19. Nc5 a5 20. f3 Ra8 21. Rg1 Nh5 22. Bf1 f5 23. Nd3 Rgc8 24. Qe1 Qe7 25. Rc5 Qd8 26. Be2 Be8 27. Bd1 Nf6 28. Ba4 Qb6 29. Qg3 Ra7 30. Rgc1 Qa6 31. R5c3 Re7 32. Qf2 h6 33. Ne5 Rec7 34. Kg2 Ng8 35. Rc5 Ne7 36. Qd2 Ra7 37. Kf2 Qb6 38. a3 Kh7 39. Qc3 Ra6 40. Kg2 Kg8 41. Kh1 Kh7 42. b3 Kg8 43. Bb5 Raa8 44. Bxc6 Bxc6 45. Nxc6 Nxc6 46. Rxc6 Rxc6 47. Qxc6 Ra6 48. Qe8+ Kh7 49. h4 Qxb3 50. h5 e5 51. Qxe5 Rf6 52. Qe7 Qd3 53. Rg1 1-0

[Event "TUR-ch"]
[Site "Ankara"]
[Date "2002.07.29"]
[Round "10"]
[White "Altinsoy, Mehmet Nuri"]
[Black "Duman, Aydin"]
[Result "0-1"]
[WhiteElo "2109"]
[BlackElo "2155"]
[PlyCount "128"]
[EventDate "2002.07.24"]
[EventType "swiss"]
[EventRounds "11"]
[EventCountry "TUR"]
[SourceTitle "CBM 089 Extra"]
[Source "ChessBase"]
[SourceDate "2002.09.10"]
[SourceVersion "2"]
[SourceVersionDate "2002.09.10"]
[SourceQuality "1"]

1. e4 c5 2. Nf3 Nc6 3. d4 cxd4 4. Nxd4 g6 5. Nc3 Bg7 6. Be3 Nf6 7. Bc4 Qa5 8. 0-0 d6 9. f3 0-0 10. Bb3 Bd7 11. Nde2 Rfc8 12. Nf4 Ne5 13. Nfd5 Nxd5 14. Nxd5 Qd8 15. Bg5 Nc6 16. f4 h6 17. Bh4 Bxb2 18. Rb1 Bg7 19. Qd2 Be6 20. f5 Bxd5 21. Bxd5 g5 22. Bf2 Qa5 23. Qxa5 Nxa5 24. Rb5 b6 25. Bxa8 Rxa8 26. Rb4 Rc8 27. c4 Bc3 28. Ra4 Kg7 29. Rc1 Bb2 30. Rc2 Ba1 31. Kf1 Nc6 32. Ke2 Rc7 33. Kd1 Ne5 34. Bg3 Nd3 35. Ra3 Nb2+ 36. Kc1 Nxc4 37. Rb3 Rc5 38. Bf2 Rc6 39. Rb4 Ne5 40. Rxc6 Nxc6 41. Rc4 Ne5 42. Rc7 Nd3+ 43. Kb1 Nxf2 44. Kxa1 Kf6 45. Rxa7 Nxe4 46. Rb7 d5 47. Rxb6+ Kxf5 48. a4 d4 49. a5 d3 50. Kb2 Kf4 51. Rb3 Nc5 52. Rb4+ Ke3 53. Kc1 Ke2 54. Rb2+ Ke1 55. Rb1 e5 56. Kb2+ Kd2 57. Ka3 e4 58. Kb4 Na6+ 59. Kb5 Kc2 60. Ra1 Nb8 61. Kb6 d2 62. Kb7 Na6 63. Kb6 e3 64. Kxa6 e2 0-1

[Event "TUR-ch"]
[Site "Ankara"]
[Date "2002.07.28"]
[Round "8"]
[White "Altinsoy, Mehmet Nuri"]
[Black "Tofan, Ibrahim"]
[Result "0-1"]
[WhiteElo "2109"]
[BlackElo "2219"]
[PlyCount "60"]
[EventDate "2002.07.24"]
[EventType "swiss"]
[EventRounds "11"]
[EventCountry "TUR"]
[SourceTitle "CBM 089 Extra"]
[Source "ChessBase"]
[SourceDate "2002.09.10"]
[SourceVersion "2"]
[SourceVersionDate "2002.09.10"]
[SourceQuality "1"]

1. e4 e6 2. d4 d5 3. Nd2 Nf6 4. e5 Nfd7 5. Bd3 c5 6. c3 Nc6 7. Ne2 Qb6 8. Nf3 cxd4 9. cxd4 Bb4+ 10. Bd2 Bxd2+ 11. Qxd2 Qb4 12. 0-0 Qxd2 13. Nxd2 Nb4 14. Bb5 a6 15. a3 Nc6 16. Bd3 0-0 17. f4 Nb6 18. g4 Bd7 19. b3 f6 20. Rac1 Rac8 21. Rc2 Rf7 22. Rf3 Rcf8 23. Kf2 g5 24. exf6 Rxf6 25. fxg5 Rxf3+ 26. Nxf3 e5 27. dxe5 Bxg4 28. Neg1 Bxf3 29. Nxf3 Nd4 30. Rc7 Rxf3+ 0-1

[Event "TUR-ch"]
[Site "Ankara"]
[Date "2002.07.27"]
[Round "6"]
[White "Altinsoy, Mehmet Nuri"]
[Black "Goksel, Doga Cihan"]
[Result "1-0"]
[WhiteElo "2109"]
[BlackElo "2057"]
[PlyCount "81"]
[EventDate "2002.07.24"]
[EventType "swiss"]
[EventRounds "11"]
[EventCountry "TUR"]
[SourceTitle "CBM 089 Extra"]
[Source "ChessBase"]
[SourceDate "2002.09.10"]
[SourceVersion "2"]
[SourceVersionDate "2002.09.10"]
[SourceQuality "1"]

1. e4 c5 2. Nf3 d6 3. d4 cxd4 4. Nxd4 Nf6 5. Nc3 a6 6. a4 e6 7. Bd3 Nc6 8. Be3 Be7 9. 0-0 e5 10. Nxc6 bxc6 11. a5 Be6 12. Qe2 Qc8 13. Na4 Nd7 14. Nb6 Nxb6 15. Bxb6 0-0 16. Rfd1 Re8 17. Bc4 Bf8 18. Rd2 Bxc4 19. Qxc4 c5 20. Rad1 Re6 21. Rd3 Rf6 22. c3 Qb7 23. Rd5 Rc8 24. Qd3 Rc6 25. b4 cxb4 26. cxb4 Qc8 27. b5 Rc3 28. Qf1 Rc4 29. bxa6 Qxa6 30. Rc1 Rxc1 31. Qxc1 Rf4 32. f3 Rf6 33. Qf1 Qb7 34. Qb5 Qc8 35. a6 Re6 36. a7 Re8 37. Rd1 Qb7 38. Rc1 Re7 39. Qc6 Qxc6 40. Rxc6 Re8 41. Rc7 1-0

[Event "Lloyds Bank op 18th"]
[Site "London"]
[Date "1994.??.??"]
[Round "4"]
[White "Altinsoy, Mehmet Nuri"]
[Black "Arakhamia Grant, Ketevan"]
[Result "0-1"]
[WhiteElo "2215"]
[BlackElo "2450"]
[PlyCount "74"]
[EventDate "1994.08.??"]
[EventType "swiss"]
[EventRounds "10"]
[EventCountry "ENG"]
[SourceTitle "EXT 2000"]
[Source "ChessBase"]
[SourceDate "1999.11.16"]
[SourceVersion "1"]
[SourceVersionDate "1999.11.16"]
[SourceQuality "1"]

1. e4 c5 2. Nf3 e6 3. d4 cxd4 4. Nxd4 Nc6 5. Nc3 d6 6. Bc4 Nf6 7. Bb3 Be7 8. Nxc6 bxc6 9. e5 dxe5 10. Qf3 Qc7 11. Bg5 0-0 12. 0-0-0 Rb8 13. h4 c5 14. Bc4 Qb7 15. Qxb7 Bxb7 16. f3 Rfd8 17. h5 h6 18. Bh4 Rbc8 19. b3 Kf8 20. Rde1 Nd7 21. Bb5 f6 22. Bc4 Kf7 23. f4 Nb6 24. fxe5 Nxc4 25. bxc4 Bxg2 26. Rh2 Bc6 27. Rg1 Rd4 28. Nb5 Bxb5 29. cxb5 c4 30. exf6 gxf6 31. Bf2 Ba3+ 32. Kb1 Rd5 33. c3 Rxb5+ 34. Kc2 Rd8 35. Rb1 Rxb1 36. Kxb1 Rd2 37. Bg3 Rxh2 0-1